| 000 | 00676nam a22001937a 4500 | ||
|---|---|---|---|
| 005 | 20170627164518.0 | ||
| 010 | _aENG-118922 | ||
| 020 |
_a9789386288028 _c860.00 |
||
| 035 | _aEN-102454 | ||
| 037 | _bDBAD/PUB | ||
| 082 | _a320.95845 | ||
| 100 | _aChatterjee, Suchandana | ||
| 245 |
_aImages of post - soviet kazakhstan : _cby Suchandana Chatterjee _ba cosmopolittan space with borderland anxieties / |
||
| 260 |
_aNew Delhi _bKnowledge World _c2017 |
||
| 270 |
_a4676/21, First Floor, Ansari Road Daryaganj _bNew Delhi _e110002 |
||
| 300 |
_axxvi,169p. _c23cm(Hb) |
||
| 500 | _aIncludes bibliographical reference | ||
| 942 |
_2ddc _cEN _h320.95845 _mCHA |
||
| 999 |
_c141979 _d141979 |
||